GOOSEBUMPS - NIGHT OF THE LIVING DUMMY (Record no. 8023)
[ view plain ]
| 000 -LEADER | |
|---|---|
| fixed length control field | 00583nam a22001457a 4500 |
| 020 ## - INTERNATIONAL STANDARD BOOK NUMBER | |
| ISBN | 0-590-5557-91 |
| 082 ## - DEWEY DECIMAL CLASSIFICATION NUMBER | |
| Classification number | 823 |
| Item number | STI/G |
| 100 ## - MAIN ENTRY--AUTHOR NAME | |
| Personal name | STINE, R L |
| 245 ## - TITLE STATEMENT | |
| Title | GOOSEBUMPS - NIGHT OF THE LIVING DUMMY |
| 260 ## - PUBLICATION, DISTRIBUTION, ETC. (IMPRINT) | |
| Place of publication | LONDON |
| Name of publisher | HIPPO |
| Year of publication | 1993 |
| 300 ## - PHYSICAL DESCRIPTION | |
| Number of Pages | 134 |
| 520 ## - SUMMARY, ETC. | |
| Summary, etc | Kris and Lindy are twin sisters. But when Lindy finds a ventriloquist dummy and names it Slappy, she starts getting all the attention. It's when Kris gets her own dummy to show up her sister that things get weird. Dummies aren't real... are they? |
| 650 ## - SUBJECT ADDED ENTRY--TOPICAL TERM | |
| Topical Term | CHILDRENS STORY BOOK |
| Geographic subdivision | UNITED KINGDOM |
| 942 ## - ADDED ENTRY ELEMENTS (KOHA) | |
| Koha item type | Books |
| Withdrawn status | Lost status | Collection code | Home library | Current library | Shelving location | Date acquired | Source of acquisition | Full call number | Accession Number | Koha item type |
|---|---|---|---|---|---|---|---|---|---|---|
| Fiction | Main Library | Main Library | SHELF 4-A GOOSEBUMPS | 05/02/2019 | purchase | 823 STI/G | 11043 | Books |